| 000 | 00477nam a2200181 a 4500 | ||
|---|---|---|---|
| 001 | 1769763991060 | ||
| 003 | YourLibrary | ||
| 005 | 20260131161944.0 | ||
| 008 | 260130s2002##################000#0#eng## | ||
| 020 | _a9780743411929 | ||
| 082 | 0 | 4 |
_a332.02401 _bSCH |
| 100 | 1 |
_aSchiff, Lewis, _eauthor. |
|
| 245 | 1 | 0 | _aThe Armchair Millionaire : |
| 260 |
_bAtria Books, _c2002. |
||
| 650 | 0 | _aBusiness & Economics. | |
| 942 | _cENGLISH | ||
| 040 |
_aYourLibrary _beng _cYourLibrary |
||
| 999 |
_c609527 _d609527 |
||